| 000 | 00715 a2200169 4500 | ||
|---|---|---|---|
| 003 | Nust | ||
| 005 | 20220727114712.0 | ||
| 020 | _a81-203-0974-x | ||
| 040 | _cNust | ||
| 082 | _a004.33,TAN | ||
| 100 |
_aTanenbaum,Andrew S _91413 |
||
| 245 |
_aModern Operating System / _cTanenbaum,Andrew S |
||
| 260 |
_aUSA _bPrentice-hall _c1992 |
||
| 300 | _a722p | ||
| 505 | _aWhat is an operating system (Page-3), History of operating system (Page-5), Operating system concepts (Page-12), Operating system structure (Page-18), Outline of rest of this book (Page-24), Memory management (Page-74), File systems (Page-145), Input,output (Page-205), Deadlocks (Page-240), Case study (Page-315). | ||
| 942 |
_2ddc _cBK _k004.33,TAN |
||
| 999 |
_c198674 _d198674 |
||